The Air Campaign (Record no. 23642)

000 -LEADER
fixed length control field 00263nam a22000857a 4500
003 - CONTROL NUMBER IDENTIFIER
control field Nust
005 - DATE AND TIME OF LATEST TRANSACTION
control field 20170529121258.0
008 - FIXED-LENGTH DATA ELEMENTS--GENERAL INFORMATION
fixed length control field 131220b xxu||||| |||| 00| 0 eng d
020 ## - INTERNATIONAL STANDARD BOOK NUMBER
International Standard Book Number 0080367356
Terms of availability Available
040 ## - CATALOGING SOURCE
Original cataloging agency DLC
Language of cataloging DLC
Transcribing agency RCMS
082 ## - DEWEY DECIMAL CLASSIFICATION NUMBER
Classification number 358.41 WAR
100 ## - MAIN ENTRY--PERSONAL NAME
Personal name Warden Col John A
9 (RLIN) 331
245 ## - TITLE STATEMENT
Title The Air Campaign
Statement of responsibility, etc. John A. Warden III ; introduction by Charles L. Donnelly, Jr.
Remainder of title : planning for combat
260 ## - PUBLICATION, DISTRIBUTION, ETC.
Place of publication, distribution, etc. London
Name of publisher, distributor, etc. Aerospace Education Foundation Air Force
Date of publication, distribution, etc. c1994
300 ## - PHYSICAL DESCRIPTION
Extent xxi, 160 p. :
Other physical details ill. ;
Dimensions 25,cm.
440 ## - SERIES STATEMENT/ADDED ENTRY--TITLE
Title Future warfare series ;
Volume/sequential designation v. 3
9 (RLIN) 332
500 ## - GENERAL NOTE
General note
538 ## - SYSTEM DETAILS NOTE
Display text Shelf # 13, Row # 4, Fiction.
650 ## - SUBJECT ADDED ENTRY--TOPICAL TERM
Topical term or geographic name entry element Military planning.
9 (RLIN) 333
856 ## - ELECTRONIC LOCATION AND ACCESS
Materials specified Table of Content Only
942 ## - ADDED ENTRY ELEMENTS (KOHA)
Source of classification or shelving scheme
Koha item type Fiction
Holdings
Withdrawn status Lost status Source of classification or shelving scheme Damaged status Not for loan Permanent Location Current Location Shelving location Date acquired Barcode Date last seen Price effective from Koha item type
          NUST Baluchistan Campus (NBC) NUST Baluchistan Campus (NBC) Fiction 12/20/2013 RCMS001036 12/20/2013 12/20/2013 Book
© 2023 Central Library, National University of Sciences and Technology. All Rights Reserved.